Disney or Warner Bros? Quiz Stats

 Plays Quiz not verified by Sporcle

Challenge
Share
Tweet
Embed
Score 0/20 Timer 05:00
0 Plays Today
Hint Answer % Correct
Sylvester the CatW
100%
Pluto D
100%
Donald DuckD
99%
Dumbo D
99%
Tweety BirdW
99%
Mickey MouseD
99%
Bugs BunnyW
99%
BashfulD
99%
Marvin the MartianW
99%
Minnie MouseD
99%
Hint Answer % Correct
Speedy GonzalesW
99%
Porky PigW
99%
GoofyD
99%
Wile e CoyoteW
99%
Road RunnerW
99%
Daffy DuckW
99%
Yosemite SamW
98%
Foghorn LeghornW
98%
Daisy DuckD
98%
Elmer FuddW
98%

You're not logged in!

Compare scores with friends on all Sporcle quizzes.
Join for Free
OR
Log In

You Might Also Like...

Show Comments

Extras

Created Feb 7, 2017ReportNominate
Tags:Disney Quiz, bro, character, warner

Top Quizzes Today


Score Distribution

Your Account Isn't Verified!

In order to create a playlist on Sporcle, you need to verify the email address you used during registration. Go to your Sporcle Settings to finish the process.

Report this User

Report this user for behavior that violates our Community Guidelines.

Details: